Stations de la ligne T8 du tramway francilien sur une carte - Statistiques

Statistiques générales
  • Ce quiz a été pris 71 fois
  • Le résultat moyen est 12 sur 17
Réponses sur la Carte
Les réponses sont colorées sur une échelle allant du rouge au vert en fonction du pourcentage des utilisateurs qui les ont devinées à leur premier essai. Vous pouvez retrouver ces pourcentages ci-dessous.
 
Statistiques - réponses
Arrêt % Correct
Épinay-sur-Seine - Gare
93%
Saint-Denis - Gare
91%
Saint-Denis - Porte de Paris
89%
Villetaneuse - Université
87%
Épinay - Orgemont
80%
Blumenthal
74%
Pierre de Geyter
72%
Delaunay-Belleville
67%
Lacépède
67%
Paul Éluard
67%
Rose Bertin - Centre commercial l'Ilo
67%
Pablo Neruda
65%
César
63%
Les Béatus
63%
Les Mobiles
61%
Gilbert Bonnemaison
59%
Jean Vilar
46%
Aucun quiz correspondant
Distribution des résultats
% des personnes avec chaque résultat
Percentile par nombre de réponses
Votre historique - résultats
Vous n’avez pas pris ce quiz